000 00650nam a2200229 a 4500
999 _c11747
_d11747
001 11747
003 BD-JhCC
005 20200827123444.0
008 200827b2004 enka|||| ||a| 000 0 eng d
020 _a9960897710
035 _a(BD-JhCC)11747
040 _aBD-JhCC
_dBD-JhCC
041 _aeng
082 _a297.1
_bKHA 2004
100 _aKhalil, Shawqi Abu
245 _aAtlas Of The Prophet's Biography /
_cShawqi Abu Khalil .
260 _aLondon:
_bDarussalam;
_c2004.
300 _a292 p. :
_billus;
_c26 cm.
651 _aMiddle East
_vHistory
_xMaps. Islam
_yHistorical geography
_zMaps. Middle East.
942 _2ddc
_cBK